The Only Flag that... - Statistics

General Stats
  • This quiz has been taken 248 times
  • The average score is 6 of 18
Answer Stats
Hint Country % Correct
Is not quadrilateral (rectangular) Nepal
98%
Is square-shaped Switzerland
87%
Has a trident on it Barbados
56%
Has no red, white, OR blue Jamaica
50%
Has a pall (horizontal Y-shaped band) South Africa
48%
Has no set proportions (but is usually square) Vatican City
46%
Has cactus on it Mexico
44%
Has people on it Belize
43%
Has a width more than twice its height Qatar
29%
Has a 14-pointed star Malaysia
20%
Is different on the front (obverse) and back (reverse) Paraguay
20%
Depicts the opening in the roof of a yurt Kyrgyzstan
19%
Has a yin yang with dots Mongolia
19%
Has stars cut off by the top and bottom edges Bosnia and Herzegovina
16%
Must be made of khadi (a woven natural fibre cloth) India
15%
Has a bible on it Dominican Republic
10%
Has a 21-pointed star Marshall Islands
10%
Has irrational proportions set to the golden ratio (Φ) Togo
9%
No matching quizzes found
Score Distribution
Percent of People with Each Score
Percentile by Number Answered
Your Score History
You have not taken this quiz